000 00521nam a2200181 4500
001 2065
005 20181127164507.0
008 950920s1996 iaua b 001 0 eng
010 _a 94079651
020 _a0697209857
100 1 _aFox, Stuart Ira.
245 1 0 _aHuman physiology /
_cStuart Ira Fox.
250 _a5th ed.
260 _aDubuque, IA :
_bWm. C. Brown,
_cc1996.
300 _axx, 704 p. :
_bill. (some col.) ;
_c29 cm.
504 _aIncludes bibliographical references and index.
650 0 _aHuman physiology.
999 _c1614
_d1614